00378 a2200109 4500001000900000005001700009008004100026245009900067100002400166700003500190773004300225ART_571320260410161617.0260409a 10aNecesidad de una gestión eficiente en los prestadores de salud. La importancia de los costos1 aIacomucci, Norma H.1 aGonzález Escudero, Alejandro0 tEnfoquesg- Nº 11 (nov. 2006)wREV416